[Event "17ème Open International de La Réunion"]
[Site "Saint Denis"]
[Date "2015.10.10"]
[Round "3.8"]
[White "Vitry, Patrick"]
[Black "Riviere, Etienne"]
[Result "0-1"]
[WhiteElo "1712"]
[BlackElo "1846"]
[PlyCount "98"]
[EventDate "2015.??.??"]

1. e4 c5 2. Nf3 d6 3. d3 Nf6 4. Nc3 Nc6 5. Be2 e6 6. O-O Be7 7. Re1 O-O 8. h3
b6 9. Bf1 Bb7 10. Be3 Re8 11. g3 Rc8 12. Bg2 Qd7 13. a4 Nb4 14. Nb5 a6 15. Nc3
Qc7 16. Nh4 d5 17. exd5 Nfxd5 18. Nxd5 Nxd5 19. Nf3 Nxe3 20. Rxe3 Bf6 21. Rb1
Red8 22. Qf1 c4 23. dxc4 Qxc4 24. Qxc4 Rxc4 25. c3 Rxa4 26. Rbe1 Ra2 27. R3e2
a5 28. Rc2 a4 29. Ne5 Bxg2 30. Kxg2 a3 31. Ng4 Rxb2 32. Nxf6+ gxf6 33. Rxb2
axb2 34. Rb1 Rd2 35. g4 Kf8 36. Kg3 Ke7 37. f3 Kd6 38. Kf4 Kc5 39. Ke3 Rc2 40.
Kd3 Rh2 41. h4 Rh3 42. Ke3 Rh2 43. Kd3 b5 44. h5 Kb6 45. Rd1 Ka5 46. c4 bxc4+
47. Kc3 Kb5 48. Rb1 Rf2 49. Kd4 Kb4 0-1

[Event "17ème Open International de La Réunion"]
[Site "Saint Denis"]
[Date "2015.10.10"]
[Round "3.9"]
[White "Dijoux, Julien"]
[Black "Horny, Guenter"]
[Result "1/2-1/2"]
[WhiteElo "1908"]
[BlackElo "1878"]
[PlyCount "66"]
[EventDate "2015.??.??"]

1. d4 Nf6 2. Bg5 d6 3. Nc3 g6 4. e4 c6 5. Bxf6 exf6 6. Qd2 Bg7 7. O-O-O b5 8.
f4 O-O 9. g3 a5 10. Bh3 Qb6 11. Bxc8 Rxc8 12. h4 a4 13. h5 b4 14. Nb1 c5 15.
hxg6 hxg6 16. Nf3 c4 17. c3 a3 18. bxa3 bxa3 19. Qc2 Rc7 20. Kd2 Rb7 21. Ke3
Qa6 22. Qh2 Rb2 23. Rd2 Qb6 24. Rxb2 axb2 25. a3 Qb3 26. Qd2 Nd7 27. Rh2 Rb8
28. Qc2 Qb6 29. Qa4 Qc7 30. Qd1 d5 31. e5 fxe5 32. dxe5 Qc5+ 33. Qd4 Bf8
1/2-1/2

[Event "17ème Open International de La Réunion"]
[Site "Saint Denis"]
[Date "2015.10.10"]
[Round "3.10"]
[White "Herrero, Alain"]
[Black "Mercadal, Theo"]
[Result "1/2-1/2"]
[WhiteElo "1689"]
[BlackElo "1143"]
[PlyCount "96"]
[EventDate "2015.??.??"]

1. d4 d5 2. c4 c6 3. Nc3 Nf6 4. e3 Bf5 5. Qb3 b6 6. cxd5 cxd5 7. Nf3 g6 8. Ne5
Bg7 9. Bb5+ Bd7 10. Nxd7 Nbxd7 11. Nxd5 O-O 12. Nxf6+ Nxf6 13. O-O Qc7 14. Bd2
a6 15. Be2 b5 16. Rac1 Qd7 17. Bf3 Rac8 18. Bb4 Rfe8 19. Rc5 e6 20. Rfc1 Rxc5
21. dxc5 Qa7 22. Ba5 Rc8 23. Bb6 Qb8 24. Qd3 Nd5 25. Bxd5 exd5 26. b4 Qxb6 27.
Qxd5 Qc6 28. Qd3 Bf8 29. e4 Qe6 30. Qd5 Qc6 31. g3 Be7 32. Rd1 Qc7 33. Re1 Rd8
34. Qb3 Rd4 35. e5 Qc6 36. e6 Rc4 37. exf7+ Kxf7 38. Qe3 Qf6 39. a3 Rc3 40. Qe4
Rc4 41. Qd5+ Kf8 42. Qb7 Rc2 43. f4 h6 44. Qd7 Rc4 45. Re5 Kf7 46. Qd5+ Kf8 47.
Qa8+ Kg7 48. Qb7 Kf7 1/2-1/2

[Event "17ème Open International de La Réunion"]
[Site "Saint Denis"]
[Date "2015.10.10"]
[Round "3.11"]
[White "Schneider, Wolfram"]
[Black "Folio, Cedric"]
[Result "1-0"]
[WhiteElo "1988"]
[BlackElo "1667"]
[PlyCount "99"]
[EventDate "2015.??.??"]

1. d4 d5 2. c4 e6 3. Nc3 Nf6 4. Bg5 Nbd7 5. cxd5 exd5 6. e3 Be7 7. Bd3 b6 8.
Nf3 Bb7 9. Rc1 a6 10. O-O c5 11. b3 h6 12. Bh4 g5 13. Bg3 Ne4 14. Bxe4 dxe4 15.
Ne5 Nf6 16. Qd2 Nh5 17. Qe2 Nxg3 18. fxg3 Bd5 19. dxc5 Be6 20. Nc6 Qc7 21. Nxe7
Kxe7 22. cxb6 Qxb6 23. Nxe4 Rac8 24. h3 Rxc1 25. Rxc1 Rc8 26. Rxc8 Bxc8 27. Kh2
Bb7 28. Qc4 Qc6 29. Qxc6 Bxc6 30. Nc3 Kd6 31. b4 f5 32. Kg1 Bd7 33. Kf2 Be6 34.
Kf3 Bd7 35. e4 Bc6 36. Ke3 Ke5 37. a4 fxe4 38. b5 axb5 39. axb5 Bb7 40. g4 Ba8
41. g3 Bb7 42. Ne2 Kd5 43. Nd4 Kc5 44. Nf5 Kd5 45. Nxh6 Ke6 46. Nf5 Ke5 47. h4
Kf6 48. Nd6 Bd5 49. b6 gxh4 50. gxh4 1-0

[Event "17ème Open International de La Réunion"]
[Site "Saint Denis"]
[Date "2015.10.10"]
[Round "3.12"]
[White "Assie, Joel"]
[Black "Calmels, Nicolas"]
[Result "0-1"]
[WhiteElo "1450"]
[BlackElo "1945"]
[PlyCount "68"]
[EventDate "2015.??.??"]

1. d4 d5 2. Nf3 Nf6 3. Bf4 e6 4. Nbd2 c5 5. c3 Nc6 6. e3 Be7 7. Bd3 c4 8. Bc2
Nh5 9. Be5 O-O 10. g4 Nf6 11. Rg1 Nxe5 12. Nxe5 Nd7 13. Rg3 Nxe5 14. dxe5 Qc7
15. f4 Bh4 16. g5 Qb6 17. Kf2 Qxb2 18. Rc1 Qxa2 19. Qh5 Bxg3+ 20. hxg3 g6 21.
Qh6 f5 22. Rh1 Rf7 23. Rc1 Qb2 24. Qh1 Qxc3 25. Nf3 Qb2 26. Nd4 a6 27. Kf3 b5
28. g4 fxg4+ 29. Kxg4 b4 30. Ba4 Qd2 31. Re1 b3 32. Re2 Qb4 33. Be8 Rg7 34. Qh6
b2 0-1

[Event "17ème Open International de La Réunion"]
[Site "Saint Denis"]
[Date "2015.10.10"]
[Round "3.13"]
[White "Bah, Ismael"]
[Black "Melon, Antonin"]
[Result "1-0"]
[WhiteElo "1754"]
[BlackElo "1520"]
[PlyCount "35"]
[EventDate "2015.??.??"]

1. d4 d5 2. e3 Nc6 3. Nf3 Bf5 4. a3 e6 5. c4 a6 6. Nc3 Nf6 7. Qb3 Rb8 8. Be2
Be7 9. cxd5 exd5 10. O-O O-O 11. Rd1 Qd7 12. Ne5 Qd6 13. f4 Rfd8 14. g4 Be4 15.
g5 Nd7 16. Nxe4 dxe4 17. Nxf7 Qg6 18. Ne5+ 1-0

[Event "17ème Open International de La Réunion"]
[Site "Saint Denis"]
[Date "2015.10.10"]
[Round "3.14"]
[White "Jotee, Ashvin"]
[Black "Goorsahye, Antoine"]
[Result "1-0"]
[WhiteElo "1399"]
[BlackElo "1741"]
[PlyCount "91"]
[EventDate "2015.??.??"]

1. c4 Nf6 2. Nc3 e6 3. g3 d5 4. cxd5 exd5 5. d4 c6 6. Nf3 Bg4 7. Bg2 Bd6 8. O-O
Nbd7 9. Qc2 Bh5 10. Re1 O-O 11. e4 dxe4 12. Ng5 Bg6 13. Qb3 Qc7 14. Ngxe4 Nxe4
15. Nxe4 Rfe8 16. Bd2 Bf8 17. Bf4 Qb6 18. Qc4 Bb4 19. Re3 Bxe4 20. Bxe4 Bd2 21.
Rb3 Qa5 22. Bxh7+ Kh8 23. Bxd2 Qxd2 24. Rxb7 Re1+ 25. Rxe1 Qxe1+ 26. Kg2 Kxh7
27. Qc2+ Kg8 28. Rxd7 Re8 29. Qf5 Re7 30. Rd8+ Re8 31. Rd7 Re7 32. Rd8+ Re8 33.
Rxe8+ Qxe8 34. d5 g6 35. Qf3 cxd5 36. Qxd5 Qe2 37. b4 Qe7 38. b5 Kg7 39. a4 Qb4
40. Qe5+ Kh7 41. Qf4 Qc5 42. Qxf7+ Kh6 43. Qb3 Qe5 44. Qe3+ Qg5 45. Qxg5+ Kxg5
46. a5 1-0

[Event "17ème Open International de La Réunion"]
[Site "Saint Denis"]
[Date "2015.10.10"]
[Round "3.15"]
[White "Genne, Rene"]
[Black "Oster, Jean-Marie"]
[Result "1-0"]
[WhiteElo "1727"]
[BlackElo "1474"]
[PlyCount "87"]
[EventDate "2015.??.??"]

1. b4 e6 2. Bb2 Nf6 3. b5 d5 4. e3 c6 5. a4 Be7 6. Nf3 Bd7 7. Be2 O-O 8. O-O
cxb5 9. axb5 Qc7 10. Bd4 b6 11. Be5 Qc8 12. c3 Ne8 13. Qb3 Nd6 14. Bxd6 Bxd6
15. d3 Qc7 16. Nbd2 Rc8 17. c4 dxc4 18. Nxc4 Be7 19. Rfc1 Qc5 20. d4 Qxb5 21.
Qd1 Qf5 22. Bd3 Qf6 23. e4 Nc6 24. e5 Qh6 25. Be4 Qf4 26. Qd3 g6 27. g3 Qh6 28.
d5 exd5 29. Bxd5 Be6 30. Bxe6 fxe6 31. Qe4 Nb4 32. Rd1 Nd5 33. Qg4 Kf7 34. Nd6+
Bxd6 35. exd6 Qg7 36. Re1 Re8 37. Ne5+ Kg8 38. Nc6 Qf6 39. Ra3 e5 40. d7 Qxc6
41. dxe8=Q+ Qxe8 42. Rd3 Rd8 43. Red1 Nf6 44. Qc4+ 1-0

[Event "17ème Open International de La Réunion"]
[Site "Saint Denis"]
[Date "2015.10.10"]
[Round "3.16"]
[White "Sawmynaden, Righen"]
[Black "Gaudissard, Dominique"]
[Result "0-1"]
[WhiteElo "1399"]
[BlackElo "1723"]
[PlyCount "78"]
[EventDate "2015.??.??"]

1. d4 d5 2. c4 e6 3. Nc3 Nf6 4. Nf3 Nbd7 5. cxd5 exd5 6. Bg5 Be7 7. e3 O-O 8.
Bd3 h6 9. Bh4 c5 10. O-O c4 11. Bc2 a6 12. Ne5 g5 13. Bg3 b5 14. Nc6 Qe8 15. e4
Nb6 16. Nxe7+ Qxe7 17. e5 Nh7 18. Qh5 f5 19. exf6 Rxf6 20. Rfe1 Qf7 21. Re8+
Nf8 22. Qxf7+ Kxf7 23. Rae1 Re6 24. R8xe6 Bxe6 25. Bc7 Nbd7 26. f4 Nf6 27. f5
Bd7 28. Re5 Bc6 29. Bd6 Re8 30. Bd1 N8d7 31. h3 Nxe5 32. dxe5 d4 33. exf6 dxc3
34. Be7 Rxe7 35. fxe7 cxb2 36. Bc2 Kxe7 37. g4 b4 38. Kh2 Ba4 39. Be4 c3 0-1

[Event "17ème Open International de La Réunion"]
[Site "Saint Denis"]
[Date "2015.10.10"]
[Round "3.18"]
[White "Sawmynaden, Vicken"]
[Black "Duprey, Francois-Xavier"]
[Result "0-1"]
[WhiteElo "1399"]
[BlackElo "1720"]
[PlyCount "148"]
[EventDate "2015.??.??"]

1. d4 Nf6 2. Nc3 d5 3. Nf3 Bf5 4. e3 e6 5. h3 Bd6 6. Bd3 Bg6 7. Bxg6 hxg6 8.
Bd2 a6 9. Qe2 Nbd7 10. e4 dxe4 11. Nxe4 Nxe4 12. Qxe4 Rb8 13. Bg5 Be7 14. Bxe7
Qxe7 15. O-O-O Nf6 16. Qe5 Rh5 17. Qe2 Qb4 18. Ne5 Rd8 19. g4 Rh8 20. g5 Nd5
21. h4 c5 22. h5 c4 23. Qxc4 Qxc4 24. Nxc4 Rxh5 25. Rxh5 gxh5 26. g6 fxg6 27.
Rg1 Nf4 28. Re1 Rxd4 29. Ne5 Ke7 30. b3 Kf6 31. Nf3 Rd5 32. Nd2 g5 33. Ne4+ Kg6
34. Nc3 Rf5 35. Kd2 h4 36. Rh1 Ng2 37. Ke2 g4 38. Ne4 h3 39. Ng3 Re5+ 40. Kd3
Nf4+ 41. Kd4 Rd5+ 42. Ke3 Ng2+ 43. Ke2 Kg5 44. c4 Rd4 45. Rc1 g6 46. c5 Kf4 47.
c6 bxc6 48. Rxc6 e5 49. Rxg6 Nh4 50. Rh6 Nf3 51. Rh5 Rd2+ 52. Kf1 Nd4 53. Ke1
Nf3+ 54. Kf1 Nd4 55. Ke1 Rxa2 56. Rh6 Kf3 57. Rf6+ Kg2 58. Rg6 Nf3+ 59. Kd1
Rd2+ 60. Kc1 Rd4 61. Rxa6 Kxf2 62. Nf5 Rd2 63. Rh6 e4 64. Rg6 h2 65. Rh6 Rd5
66. Ne7 Ra5 67. Kb2 e3 68. b4 Rb5 69. Nc6 e2 70. Rf6 e1=Q 71. Rxf3+ Kxf3 72.
Nd4+ Ke4 73. Nxb5 Qxb4+ 74. Ka2 Qxb5 0-1

[Event "17ème Open International de La Réunion"]
[Site "Saint Denis"]
[Date "2015.10.10"]
[Round "3.19"]
[White "Ringayen, Rose-May"]
[Black "Petry, Joachim"]
[Result "1-0"]
[WhiteElo "1661"]
[BlackElo "1399"]
[PlyCount "81"]
[EventDate "2015.??.??"]

1. e4 e5 2. Nf3 d6 3. Nc3 Nc6 4. d4 exd4 5. Nxd4 Nxd4 6. Qxd4 a6 7. Bc4 Nf6 8.
O-O c5 9. Qd1 Be7 10. Nd5 O-O 11. Nxf6+ Bxf6 12. Qf3 Be6 13. Bxe6 fxe6 14. Qg4
Qe7 15. c3 b5 16. f4 Qf7 17. Be3 Rac8 18. Rad1 Rc6 19. e5 Be7 20. exd6 Bxd6 21.
Rxd6 Rxd6 22. Bxc5 Rfd8 23. Bxd6 Rxd6 24. h3 Rd2 25. Rf2 h5 26. Qf3 Rd5 27. Qe3
a5 28. Rd2 Qd7 29. Rd4 Kf7 30. Rxd5 Qxd5 31. Qa7+ Kf6 32. Qxa5 Qd1+ 33. Kh2 Qa4
34. Qxa4 bxa4 35. b4 axb3 36. axb3 e5 37. fxe5+ Kxe5 38. c4 Kd4 39. Kg3 g5 40.
h4 g4 41. Kf4 1-0

[Event "17ème Open International de La Réunion"]
[Site "Saint Denis"]
[Date "2015.10.10"]
[Round "3.20"]
[White "Sandjivy, Mateo"]
[Black "Collet, Jean Daniel"]
[Result "0-1"]
[WhiteElo "1384"]
[BlackElo "1656"]
[PlyCount "52"]
[EventDate "2015.??.??"]

1. e4 e5 2. Nf3 Nc6 3. Bc4 Bc5 4. c3 Nf6 5. d4 exd4 6. cxd4 Bb4+ 7. Bd2 Bxd2+
8. Nbxd2 d6 9. h3 h6 10. O-O O-O 11. Re1 Re8 12. a3 Nh7 13. b4 a6 14. Qb3 Re7
15. Ra2 Ng5 16. h4 Nxf3+ 17. Nxf3 Bg4 18. Rd2 Rd7 19. Rd3 Qe7 20. e5 Bxf3 21.
e6 Kh8 22. gxf3 Rf8 23. Kf1 Rdd8 24. exf7 Qxh4 25. Qa2 Nxd4 26. Re4 Qh1# 0-1

[Event "17ème Open International de La Réunion"]
[Site "Saint Denis"]
[Date "2015.10.10"]
[Round "3.21"]
[White "Mablouke, Ulrich"]
[Black "Etheve, Lionel"]
[Result "1/2-1/2"]
[WhiteElo "1653"]
[BlackElo "1390"]
[PlyCount "35"]
[EventDate "2015.??.??"]

1. d4 d5 2. Nc3 Bf5 3. Bg5 h6 4. Bh4 c6 5. f3 Qc8 6. e4 dxe4 7. fxe4 Bg6 8. Nf3
e6 9. Ne5 Bh7 10. Bd3 Nd7 11. O-O Nxe5 12. dxe5 Be7 13. Qg4 Bg6 14. Ne2 Bxh4
15. Qxh4 Qd8 16. Qh3 Ne7 17. Nf4 O-O 18. Kh1 $11 1/2-1/2

[Event "17ème Open International de La Réunion"]
[Site "Saint Denis"]
[Date "2015.10.10"]
[Round "3.22"]
[White "Ringayen, Francinel"]
[Black "Cochard, Franck-Olivier"]
[Result "0-1"]
[WhiteElo "1320"]
[BlackElo "1646"]
[PlyCount "112"]
[EventDate "2015.??.??"]

1. e4 d5 2. exd5 Nf6 3. Nc3 Nxd5 4. Nxd5 Qxd5 5. Qf3 Qxf3 6. Nxf3 e6 7. d4 Be7
8. Bd3 O-O 9. O-O Nc6 10. Bf4 Bd6 11. Bxd6 cxd6 12. a3 Bd7 13. Rfe1 h6 14. c3
Rac8 15. b4 d5 16. Rac1 Rc7 17. a4 Rfc8 18. Rb1 Ne7 19. b5 Rxc3 20. Red1 Ng6
21. g3 Ra3 22. Ra1 Rxa1 23. Rxa1 Rc3 24. Bxg6 Rxf3 25. Bc2 Rc3 26. Ra2 Rc4 27.
Kg2 Rxd4 28. b6 axb6 29. a5 bxa5 30. Rxa5 Rc4 31. Bd3 Rc3 32. Bb1 g6 33. Ra7
Bc6 34. Kh3 Kg7 35. f4 Kf6 36. Kh4 Rb3 37. Ba2 Rb2 38. h3 Rh2 39. Ra3 d4 40. g4
Bg2 41. g5+ hxg5+ 42. fxg5+ Ke7 43. Rb3 Bd5 44. Rb4 Rxa2 45. Rxd4 b5 46. Rb4
Ra4 47. Rxa4 bxa4 48. Kg4 a3 49. h4 a2 50. h5 gxh5+ 51. Kxh5 a1=Q 52. Kh6 Qh1+
53. Kg7 Qg2 54. g6 Qxg6+ 55. Kh8 Qg1 56. Kh7 Kf6 0-1

[Event "17ème Open International de La Réunion"]
[Site "Saint Denis"]
[Date "2015.10.10"]
[Round "3.23"]
[White "Strate, Wolfgang"]
[Black "Sandjivy, Jean Marc"]
[Result "0-1"]
[WhiteElo "1628"]
[BlackElo "1320"]
[PlyCount "30"]
[EventDate "2015.??.??"]

1. d4 Nf6 2. f3 e6 3. e4 b6 4. Bc4 Qe7 5. Nc3 d5 6. Bd3 Nc6 7. Be3 Qb4 8. Bb5
Bd7 9. Rb1 dxe4 10. a3 Qa5 11. Qc1 Nd5 12. b4 Ndxb4 13. Rxb4 Nxb4 14. Bxd7+
Kxd7 15. fxe4 Na2 0-1

[Event "17ème Open International de La Réunion"]
[Site "Saint Denis"]
[Date "2015.10.10"]
[Round "3.24"]
[White "Evrin, Selvam"]
[Black "Triton, Maxime"]
[Result "0-1"]
[WhiteElo "1220"]
[BlackElo "1605"]
[PlyCount "68"]
[EventDate "2015.??.??"]

1. e4 b6 2. Bc4 Bb7 3. Nc3 e6 4. d3 d5 5. exd5 exd5 6. Bb3 Nf6 7. Nf3 Be7 8.
O-O Nbd7 9. Bg5 h6 10. Bh4 Nc5 11. Re1 O-O 12. Nd4 Nxb3 13. axb3 Qd7 14. Qd2
Rfe8 15. Bg3 a6 16. Bf4 c5 17. Nf3 d4 18. Ne2 Bxf3 19. gxf3 Qh3 20. Ng3 Nd5 21.
Nf5 Qxf5 22. Re4 Nxf4 23. Qxf4 Qxf4 24. Rxf4 g6 25. Re4 Bd6 26. Rxe8+ Rxe8 27.
Rxa6 Bc7 28. Kf1 Kg7 29. Ra4 Bxh2 30. b4 h5 31. bxc5 bxc5 32. b4 cxb4 33. Rxb4
Be5 34. Ke2 Bd6+ 0-1

[Event "17ème Open International de La Réunion"]
[Site "Saint Denis"]
[Date "2015.10.10"]
[Round "3.25"]
[White "Chan-Faye, Yoann"]
[Black "Hubert, Nathan"]
[Result "1-0"]
[WhiteElo "1592"]
[BlackElo "1020"]
[PlyCount "59"]
[EventDate "2015.??.??"]

1. e4 d5 2. exd5 Nf6 3. d4 c6 4. dxc6 Nxc6 5. Be3 e6 6. Nf3 Bd6 7. c4 Bb4+ 8.
Nc3 b6 9. a3 Bd6 10. c5 Bc7 11. Bb5 Bb7 12. O-O a6 13. Bc4 Qb8 14. h3 Na5 15.
Be2 Bxf3 16. Bxf3 Bh2+ 17. Kh1 Ra7 18. b4 Nc4 19. Bc6+ Nd7 20. cxb6 Ncxb6 21.
d5 O-O 22. Bxd7 Rxd7 23. Bxb6 Rd6 24. Bc5 Rfd8 25. Bxd6 Rxd6 26. Qf3 Qa8 27.
Kxh2 exd5 28. Rfe1 h6 29. Re7 f6 30. Qh5 1-0

[Event "17ème Open International de La Réunion"]
[Site "Saint Denis"]
[Date "2015.10.10"]
[Round "3.26"]
[White "Vincent, Theo"]
[Black "Romain, Arnaud"]
[Result "0-1"]
[WhiteElo "1009"]
[BlackElo "1575"]
[PlyCount "84"]
[EventDate "2015.??.??"]

1. e4 e5 2. Nf3 Nc6 3. Nc3 Nf6 4. Bc4 Be7 5. Nd5 O-O 6. O-O d6 7. Nxe7+ Qxe7 8.
d3 Na5 9. Bg5 Nxc4 10. dxc4 Qe6 11. Bxf6 Qxf6 12. Re1 Bg4 13. h3 Bxf3 14. Qxf3
Qxf3 15. gxf3 b6 16. b4 Rfe8 17. a4 a6 18. b5 a5 19. Re2 Re6 20. Rae1 Rae8 21.
Kf1 Rg6 22. Re3 Ree6 23. Ke2 Rg2 24. Kd2 Rh2 25. Rg1 Rxh3 26. f4 Rxe3 27. fxe3
exf4 28. exf4 Rxe4 29. Rf1 Rxc4 30. Re1 Kf8 31. Ra1 Rxf4 32. Ke3 Rf5 33. Rh1
Re5+ 34. Kd4 h5 35. c4 g6 36. Rh4 Ke7 37. Re4 Rxe4+ 38. Kxe4 Ke6 39. Kd4 f5 40.
Ke3 Ke5 41. Kf2 Kd4 42. Kg3 g5 0-1

[Event "17ème Open International de La Réunion"]
[Site "Saint Denis"]
[Date "2015.10.10"]
[Round "3.27"]
[White "Leonardy, Baptiste"]
[Black "Jouve, Marius"]
[Result "1-0"]
[WhiteElo "1140"]
[BlackElo "1430"]
[PlyCount "91"]
[EventDate "2015.??.??"]

1. e4 e5 2. Nf3 Nc6 3. Bc4 h6 4. Nc3 Nf6 5. d3 Bc5 6. O-O d6 7. h3 O-O 8. a3 a6
9. b4 Ba7 10. Bb2 Bd7 11. Nd5 Nxd5 12. Bxd5 Qe7 13. Re1 Be6 14. Bxe6 Qxe6 15.
c3 Qf6 16. d4 Rad8 17. d5 Ne7 18. c4 Ng6 19. g3 c6 20. Rc1 Ne7 21. Rc2 g5 22.
Nh2 Qg6 23. Bc1 h5 24. Be3 Bxe3 25. Rxe3 f5 26. Qe2 f4 27. Rf3 Kg7 28. Rd3 Qf7
29. g4 Rh8 30. gxh5 Rxh5 31. Kg2 Rdh8 32. Ng4 Ng6 33. Kh2 Qd7 34. c5 dxc5 35.
Rxc5 Rh4 36. dxc6 Qxd3 37. Qxd3 Rxh3+ 38. Qxh3 Rxh3+ 39. Kxh3 bxc6 40. Rxc6 a5
41. Rxg6+ Kxg6 42. bxa5 Kf7 43. a6 Ke7 44. a7 Kd6 45. a8=Q Kc5 46. Nxe5 1-0

[Event "17ème Open International de La Réunion"]
[Site "Saint Denis"]
[Date "2015.10.10"]
[Round "3.28"]
[White "Hoareau, Noe"]
[Black "Leccia, Antoine"]
[Result "1-0"]
[WhiteElo "1495"]
[BlackElo "1169"]
[PlyCount "23"]
[EventDate "2015.??.??"]

1. e4 e5 2. Nf3 Nc6 3. d4 exd4 4. Bc4 d6 5. Ng5 d5 6. Bxd5 Nh6 7. O-O Be7 8.
Nf3 Bc5 9. Nbd2 Bg4 10. Nb3 Bxf3 11. Qxf3 Ne5 12. Qg3 1-0

[Event "17ème Open International de La Réunion"]
[Site "Saint Denis"]
[Date "2015.10.10"]
[Round "3.29"]
[White "Semrau, Christoph"]
[Black "Boyer, Mathis"]
[Result "1-0"]
[WhiteElo "1399"]
[BlackElo "1210"]
[PlyCount "107"]
[EventDate "2015.??.??"]

1. d4 d5 2. Nc3 Nf6 3. Nf3 Bf5 4. g3 Nc6 5. a3 e6 6. Bg2 Bd6 7. Bd2 e5 8. dxe5
Nxe5 9. Bg5 h6 10. Bxf6 Qxf6 11. Nxd5 Nxf3+ 12. Bxf3 Qxb2 13. Ne3 Bg6 14. O-O
O-O-O 15. Qb1 Qxb1 16. Rfxb1 b6 17. Rb3 Be5 18. Rc1 Bd4 19. Nc4 a5 20. a4 f6
21. e3 Bf7 22. Rd3 Bxc4 23. Rxd4 Rxd4 24. exd4 Rd8 25. c3 c5 26. dxc5 bxc5 27.
Rc2 Rd7 28. Bg4 Bb3 29. Bxd7+ Kxd7 30. Re2 c4 31. Re4 Bc2 32. Rd4+ Kc6 33. f4
Kc5 34. Kf2 Bxa4 35. Ke2 Be8 36. Kd2 Bf7 37. Kc2 Kb5 38. Kb2 Bg8 39. Ka3 a4 40.
Rd8 Bd5 41. Rxd5+ Kc6 42. Ra5 g5 43. f5 Kd6 44. Kxa4 Ke7 45. Kb4 h5 46. Kxc4
Kf7 47. Kd5 Kg7 48. Ra7+ Kf8 49. c4 Kg8 50. Rb7 h4 51. g4 Kf8 52. c5 Ke8 53.
Kd6 Kd8 54. Rb8# 1-0

[Event "17ème Open International de La Réunion"]
[Site "Saint Denis"]
[Date "2015.10.10"]
[Round "3.30"]
[White "Padre, Maxime"]
[Black "Collet, Marine Celine Theres"]
[Result "1-0"]
[WhiteElo "1200"]
[BlackElo "1450"]
[PlyCount "21"]
[EventDate "2015.??.??"]

1. e4 e5 2. Nf3 Nc6 3. d4 exd4 4. Nxd4 Bc5 5. Be3 Qf6 6. c3 Nge7 7. Bc4 O-O 8.
O-O Ng6 9. Re1 Nh4 10. Qd2 Qg6 11. Bg5 {Ici les noirs ont joué un coup illégal
et aucun des 2 joueurs ne s'en est aperçu la suite de la partie est 11...f6 12.
Bxh4 d5 13.Bxd5+ Rh8 14.Bg3 Bd6 15.Qe5 f5 16.Bxd6 f4 17.Bxf4 1-0} 1-0

[Event "17ème Open International de La Réunion"]
[Site "Saint Denis"]
[Date "2015.10.10"]
[Round "3.31"]
[White "Dazin, Nathan"]
[Black "Romain, Juliane"]
[Result "0-1"]
[WhiteElo "1199"]
[BlackElo "1364"]
[PlyCount "44"]
[EventDate "2015.??.??"]

1. e4 e5 2. Nf3 Nc6 3. Bc4 Bc5 4. O-O d6 5. h3 f5 6. d3 f4 7. Nc3 h5 8. Nd5 Nf6
9. Nc3 Nd7 10. g3 g5 11. Nd5 Nb6 12. h4 Bh3 13. Re1 fxg3 14. Be3 gxf2+ 15. Bxf2
Bxf2+ 16. Kxf2 gxh4 17. Kg1 Bg4 18. Rf1 Nd4 19. Qe1 Bxf3 20. Qe3 Rg8+ 21. Kf2
Rg2+ 22. Ke1 Nxc2# 0-1

[Event "17ème Open International de La Réunion"]
[Site "Saint Denis"]
[Date "2015.10.10"]
[Round "3.32"]
[White "Sandjivy, Vivien"]
[Black "Poudroux, Mathilde"]
[Result "1-0"]
[WhiteElo "1318"]
[BlackElo "1199"]
[PlyCount "71"]
[EventDate "2015.??.??"]

1. Nf3 d5 2. d4 Nc6 3. Bf4 Nf6 4. Nc3 e6 5. Nb5 Bd6 6. Ne5 O-O 7. g3 Bd7 8. Bg2
Qe7 9. f3 a6 10. Nc3 b5 11. e4 a5 12. Nxb5 dxe4 13. fxe4 Nb4 14. Nxd7 Qxd7 15.
Nc3 Bxf4 16. gxf4 Rfe8 17. e5 Nfd5 18. Be4 Nxf4 19. Rf1 Nbd5 20. Qg4 Ne3 21.
Qxf4 Nxf1 22. Bxa8 Rxa8 23. Qxf1 Rf8 24. O-O-O h6 25. Qg2 f6 26. Qg6 f5 27. d5
f4 28. dxe6 Qe7 29. Rd7 Qxd7 30. exd7 f3 31. Ne4 c6 32. Nf6+ Rxf6 33. d8=Q+ Rf8
34. Qe6+ Kh7 35. Qxf8 a4 36. Qfg8# 1-0

[Event "17ème Open International de La Réunion"]
[Site "Saint Denis"]
[Date "2015.10.10"]
[Round "3.33"]
[White "Leccia, Thomas"]
[Black "Laoussing, Mathis"]
[Result "*"]
[WhiteElo "1162"]
[BlackElo "1270"]
[PlyCount "139"]
[EventDate "2015.??.??"]

1. e4 d5 2. exd5 Nf6 3. d4 Nxd5 4. Nf3 Nc6 5. Bb5 a6 6. Bxc6+ bxc6 7. Nc3 Bf5
8. Nxd5 cxd5 9. c3 e6 10. Qa4+ Qd7 11. Qxd7+ Kxd7 12. O-O Bg4 13. Ne5+ Ke8 14.
Nxg4 f5 15. Ne5 Bd6 16. b3 Bxe5 17. dxe5 Kf7 18. c4 d4 19. Rd1 Rad8 20. c5 Rhf8
21. Rd3 Kg8 22. Bb2 c6 23. Rxd4 Rxd4 24. Bxd4 f4 25. g3 f3 26. h4 Rd8 27. Bb2
Rd5 28. Rc1 Rd2 29. Rb1 Rc2 30. b4 Rc4 31. Ba3 Re4 32. Rb3 Re1+ 33. Kh2 Rxe5
34. Rxf3 Re2 35. Bc1 Rxa2 36. Kg1 a5 37. bxa5 Rxa5 38. Bd2 Rxc5 39. Re3 e5 40.
Bb4 Rd5 41. Bc3 Kf7 42. Bxe5 Kg6 43. Bf4 Kf5 44. Rc3 c5 45. Be3 h6 46. Rxc5
Rxc5 47. Bxc5 g5 48. hxg5 hxg5 49. Be3 g4 50. f3 gxf3 51. Kf2 Kf6 52. Kxf3 Kg6
53. Bd4 Kh6 54. Kf4 Kh7 55. g4 Kg8 56. Kf5 Kf7 57. g5 Kf8 58. g6 Ke7 59. g7 Kd6
60. g8=Q Kc6 61. Bc5 Kxc5 62. Qb3 Kd4 63. Kg6 Ke5 64. Kf7 Kf5 65. Qe3 Kg4 66.
Qf2 Kg5 67. Qf3 Kh4 68. Qg2 Kh5 69. Qg3 Kh6 70. Qg6# *

[Event "17ème Open International de La Réunion"]
[Site "Saint Denis"]
[Date "2015.10.10"]
[Round "3.34"]
[White "Caminade, Hugo"]
[Black "Pun Chung, Leo"]
[Result "0-1"]
[WhiteElo "1247"]
[BlackElo "1199"]
[PlyCount "140"]
[EventDate "2015.??.??"]

1. d4 d5 2. g3 e6 3. Bg2 c5 4. Nf3 Nc6 5. c3 Qb6 6. b3 Nf6 7. Ba3 Nd7 8. Qd3 c4
9. Qc2 cxb3 10. axb3 Qa6 11. b4 b5 12. Nbd2 Nb6 13. Bb2 Qb7 14. e4 a5 15. O-O
axb4 16. Rxa8 Qxa8 17. Qb3 bxc3 18. Bxc3 b4 19. Bb2 Ba6 20. Ra1 Qb7 21. Ne5
Nxe5 22. dxe5 Bb5 23. Ra5 Bc6 24. Bf1 dxe4 25. Bb5 Bxb5 26. Rxb5 Be7 27. Bd4
Bd8 28. Nc4 O-O 29. Nxb6 Qc6 30. Qxb4 Qc1+ 31. Kg2 Qc6 32. Be3 Bc7 33. Nc4 Rc8
34. Nd2 h6 35. Nxe4 f5 36. exf6 gxf6 37. Bxh6 f5 38. f3 fxe4 39. fxe4 Kh7 40.
Bg5 Bd6 41. Qb2 Qxe4+ 42. Kh3 Rc2 43. Rb7+ Rc7 44. Rxc7+ Bxc7 45. Qf6 Qg6 46.
Qe7+ Qg7 47. Bf6 Qxe7 48. Bxe7 e5 49. Kg2 e4 50. Bc5 Kg6 51. Bd4 Kf5 52. h4 Be5
53. Be3 Kg4 54. Kf2 Bxg3+ 55. Kf1 Bxh4 56. Ke2 Bg5 57. Bxg5 Kxg5 58. Ke3 Kf5
59. Ke2 Kf4 60. Ke1 Kf3 61. Kf1 e3 62. Ke1 e2 63. Kd2 Kf2 64. Kd3 e1=Q 65. Kc4
Qe3 66. Kb4 Qd4+ 67. Kb3 Ke3 68. Ka2 Kd2 69. Kb1 Qc5 70. Ka2 Qb5 0-1

[Event "17ème Open International de La Réunion"]
[Site "Saint Denis"]
[Date "2015.10.10"]
[Round "3.35"]
[White "Larmet, Nino"]
[Black "Caminade, Lionel"]
[Result "0-1"]
[WhiteElo "1099"]
[BlackElo "1220"]
[PlyCount "90"]
[EventDate "2015.??.??"]

1. e4 d6 2. Nf3 Nf6 3. Nc3 Nbd7 4. d4 c6 5. Bf4 Qa5 6. e5 dxe5 7. Bxe5 b5 8.
Bd3 b4 9. Ne4 b3+ 10. Qd2 Qxd2+ 11. Nexd2 bxc2 12. Bxc2 Nxe5 13. dxe5 Nd5 14.
O-O e6 15. Be4 Bc5 16. Nb3 Bb6 17. Rfd1 O-O 18. Nfd4 Ba6 19. Re1 Rac8 20. Rac1
c5 21. Nf3 c4 22. Nbd4 Nb4 23. a3 Nd3 24. Bxd3 cxd3 25. Rxc8 Rxc8 26. Nb3 Rc2
27. Nbd2 Rxb2 28. Rd1 Bc5 29. Ra1 Bb7 30. Rc1 Rc2 31. Rxc2 dxc2 32. Nb3 Bxa3
33. Nfd4 c1=Q+ 34. Nxc1 Bxc1 35. Kf1 Bb2 36. Nb5 a5 37. Ke1 Bxe5 38. g3 a4 39.
f4 Bb2 40. Kd1 a3 41. Kc2 Be4+ 42. Kb3 Bd5+ 43. Kc2 Bc4 44. Nd6 Bf6 45. Nxc4 a2
0-1